|
|
|
|
| LEADER |
00911nta a2200229 i 4500 |
| 001 |
dokt633 |
| 005 |
20190712140737.0 |
| 008 |
101208s2010 hu om 0|| eng d |
| 024 |
7 |
|
|a 2530903
|2 mtmt
|
| 040 |
|
|
|a SZTE Doktori Repozitórium
|b hun
|
| 041 |
|
|
|a eng
|
| 100 |
1 |
|
|a Farkas Klaudia
|
| 245 |
1 |
0 |
|a Experimental and clinical investigations in ulcerative colitis
|h [elektronikus dokumentum] /
|c Farkas Klaudia
|
| 246 |
1 |
0 |
|a Experimentális és klinikai vizsgálatok colitis ulcerosában
|h [elektronikus dokumentum]
|
| 260 |
|
|
|c 2010-12-13
|
| 502 |
|
|
|a Disszertacio
|
| 650 |
|
4 |
|a elméleti orvostudományok
|
| 650 |
|
4 |
|a Általános orvostudomány
|
| 700 |
0 |
1 |
|a Hegyi Péter
|e ths
|
| 700 |
0 |
1 |
|a Molnár Tamás
|e ths
|
| 856 |
4 |
0 |
|u https://doktori.bibl.u-szeged.hu/id/eprint/633/1/T%C3%A9zis-pdf.pdf
|z Dokumentum-elérés
|
| 856 |
4 |
0 |
|u https://doktori.bibl.u-szeged.hu/id/eprint/633/2/Absztrakt-pdf.pdf
|z Dokumentum-elérés
|